| 000 | 00614nam a2200193Ia 4500 | ||
|---|---|---|---|
| 999 |
_c10282 _d10282 |
||
| 008 | 200103s 1977 ||||xx |||||||||||||| ||und|| | ||
| 082 |
_a621.31 _bKOS |
||
| 100 | _aKostenko, M. | ||
| 245 | 0 | _aElectrical machines: direct current machines and transformers, vol. 1 | |
| 260 |
_bMir Publishers _c1977 _aMoscow |
||
| 300 | _a598 p.: ill. | ||
| 500 | _aTranslated from Russian by Chernukhin, A. | ||
| 504 | _aIncludes index | ||
| 650 | _aD.C. machine | ||
| 650 | _aEnergy losses and efficiency of machines | ||
| 650 | _aDirect current generators | ||
| 700 |
_aPiotrovsky, L. _eCo-author |
||
| 942 | _cBK | ||